Foundations of electronics (Record no. 61520)
[ view plain ]
| 000 -LEADER | |
|---|---|
| fixed length control field | 00615 a2200229 4500 |
| 020 ## - INTERNATIONAL STANDARD BOOK NUMBER | |
| International Standard Book Number | 81-224-0071-x |
| 082 ## - DEWEY DECIMAL CLASSIFICATION NUMBER | |
| Classification number | 537.5 |
| Item number | F825c |
| 100 ## - MAIN ENTRY--PERSONAL NAME | |
| Personal name | Chattopadhayay, D. |
| 9 (RLIN) | 24278 |
| 100 ## - MAIN ENTRY--PERSONAL NAME | |
| Personal name | Purkait, N.N. |
| 9 (RLIN) | 24279 |
| 100 ## - MAIN ENTRY--PERSONAL NAME | |
| Personal name | Rakshit, P.C. |
| 9 (RLIN) | 24280 |
| 100 ## - MAIN ENTRY--PERSONAL NAME | |
| Personal name | Saha, B. |
| 9 (RLIN) | 24281 |
| 245 ## - TITLE STATEMENT | |
| Title | Foundations of electronics |
| 260 ## - PUBLICATION, DISTRIBUTION, ETC. | |
| Place of publication, distribution, etc. | New Delhi |
| Name of publisher, distributor, etc. | Wiley Eastern |
| Date of publication, distribution, etc. | 1993 |
| 300 ## - PHYSICAL DESCRIPTION | |
| Extent | xv,456p. |
| 650 ## - SUBJECT ADDED ENTRY--TOPICAL TERM | |
| Topical term or geographic name entry element | Electron tubes |
| 9 (RLIN) | 24282 |
| 650 ## - SUBJECT ADDED ENTRY--TOPICAL TERM | |
| Topical term or geographic name entry element | Digital circuits |
| 9 (RLIN) | 24283 |
| 650 ## - SUBJECT ADDED ENTRY--TOPICAL TERM | |
| Topical term or geographic name entry element | Semiconductors |
| 9 (RLIN) | 24284 |
| 650 ## - SUBJECT ADDED ENTRY--TOPICAL TERM | |
| Topical term or geographic name entry element | Amplifiers |
| 9 (RLIN) | 11208 |
| 650 ## - SUBJECT ADDED ENTRY--TOPICAL TERM | |
| Topical term or geographic name entry element | Oscillations |
| 9 (RLIN) | 7748 |
| 653 ## - INDEX TERM--UNCONTROLLED | |
| Uncontrolled term | Electronics |
| 942 ## - ADDED ENTRY ELEMENTS (KOHA) | |
| Source of classification or shelving scheme | Dewey Decimal Classification |
| Koha item type | General Collections |
| Withdrawn status | Lost status | Source of classification or shelving scheme | Damaged status | Not for loan | Home library | Current library | Date acquired | Total Checkouts | Full call number | Barcode | Date last seen | Price effective from | Koha item type |
|---|---|---|---|---|---|---|---|---|---|---|---|---|---|
| Dewey Decimal Classification | Tribhuvan University Central Library | Tribhuvan University Central Library | 07/31/2011 | 537.5 F825c | G69843 | 07/31/2011 | 07/31/2011 | General Collections |
